00335nam a2200121Ia 4500008004100000020001800041041000800059082002800067100003000095245004200125260003700167300000900204230411s9999 xx 000 0 und d a0-7216-9692-9 aeng aF/610.73/ZER/CLA/B02214 aZerwekh Joann & Claborn J aNursing Today : Transition and trends bSaunders companyaMissouric2003 a619p